Eastern Europe unmapped beyond borders and peripheries

Bibliographic Details
Other Authors: Kacandes, Irene, 1958- (Editor), Komska, Yuliya (Editor)
Format: Book
Language:English
PhysicalDescription:viii, 292 strán fotografie, mapy 24 cm
Published: New York Berghahn [2018]
ISBN:9781785336850
9781785336867
Subjects:

MARC

LEADER 00000cam a2200000 4500
001 vtls011770451
003 SK-MaSNL
005 20260426003341.0
008 210906t2018 xxuob grn 001 0 eng
015 |a SNBZSA2021/02 
020 |a 9781785336850  |q (viazané) 
020 |a 9781785336867  |q (ebook) 
035 |a urn:nbn:sk:snk-am00fi2p 
035 |a urn:nbn:sk:snk-am3iuen 
035 |a B8DC771E-1CD6-4C24-96C1-669C49D55C02 
040 |a SNK  |b slo  |c SNK  |e rda 
041 0 |a eng 
043 |a ee----- 
044 |a xxu  |c US 
072 7 |a 341  |x Medzinárodné právo  |2 konspekt 
072 7 |a 911  |x Všeobecná geografia. Systematická geografia  |2 konspekt 
080 |a 341.222  |2 2011 
080 |a 911.3:32  |2 2011 
080 |a 930.85  |2 2011 
080 |a (4‑11)  |2 2011 
080 |a (048.8)  |2 2011 
245 1 0 |a Eastern Europe unmapped  |b beyond borders and peripheries  |c edited by Irene Kacandes and Yuliya Komska 
264 1 |a New York  |b Berghahn  |c [2018] 
264 4 |c ©2018 
300 |a viii, 292 strán  |b fotografie, mapy  |c 24 cm 
336 |a text  |b txt  |2 rdacontent 
337 |a bez média  |b n  |2 rdamedia 
338 |a zväzok  |b nc  |2 rdacarrier 
500 |a Obsahuje poznámky pod čiarou 
504 |a Obsahuje bibliografiu ; bibliografické odkazy ; literatúru ; register 
650 0 7 |a štátne hranice  |2 SNKPH  |9 2228 
650 0 7 |a politická geografia  |2 SNKPH  |9 1069 
650 0 7 |a kultúrne dejiny  |2 SNKPH  |9 4307 
650 0 7 |a Boundaries  |2 SNKPHeng  |9 309379 
650 0 7 |a Political geography  |2 SNKPHeng  |9 305738 
650 0 7 |a Cultural history  |2 SNKPHeng  |9 267439 
651 7 |a Európa východná  |2 SNKPHgeo  |9 167635 
651 7 |a Europe, Eastern  |2 SNKPHeng  |9 229905 
655 7 |a štúdie  |2 SNKPH  |9 57033 
655 7 |a Studies  |2 SNKPHeng  |9 265573 
700 1 |a Kacandes, Irene,  |d 1958-  |4 edt  |9 613927 
700 1 |a Komska, Yuliya  |4 edt  |9 607844 
919 |a 978-1-78533-685-0 
919 |a 978-1-78533-686-7 
958 |a NB 
958 |a ZS 
999 |c 942739  |d 944669 
952 |a SNK  |b SNK  |y PREZ  |7 0  |p 17A1373768  |o snkSC 184907  |i snk2019/17594  |8 3  |g 154.91  |0 0  |1 0  |4 0  |d 2019-06-27  |f 1  |l 0  |r 2026-02-24 09:24:07  |w 2026-02-24